Anagrapays (click quiz) - Statistiques

Statistiques générales
  • Ce quiz a été pris 52 fois
  • Le résultat moyen est 5 sur 5
Statistiques - réponses
Hint Réponse % Correct
Tacos cria Costa Rica
100%
Ocrée ud dus Corée du Sud
98%
Médocaine ud rond Macédoine du Nord
98%
Maître basera nuis Emirats Arabes Unis
96%
Donaus ud uds Soudan du Sud
94%
Aucun quiz correspondant
Distribution des résultats
% des personnes avec chaque résultat
Percentile par nombre de réponses
Votre historique - résultats
Vous n’avez pas pris ce quiz